| 000 | 00556nam a2200109Ia 4500 | ||
|---|---|---|---|
| 008 | 171212s9999 xx 000 0 und d | ||
| 100 | _aWong, Carolyn;Aharoni, Eyal;Aliyev, Gursel Rafig oglu;Du Bois, Jacqueline | ||
| 245 |
_cWong, Carolyn;Aharoni, Eyal;Aliyev, Gursel Rafig oglu;Du Bois, Jacqueline _aThe Potential of Blind Collaborative Justice _bTesting the Impact of Expert Blinding and Consensus Building on the Validity of Forensic Testimony |
||
| 260 |
_bRAND Corporation _c2015 |
||
| 650 | _aLaw | ||
| 856 | _uhttp://jstor.org/stable/10.7249/j.ctt19x3gkr | ||
| 999 |
_c352702 _d352702 |
||